000
003260000a22001450004500
005
20120302054450.0
942
_c
BOOK
245
_a
Kalyan Anka:Varsha 35-Anka 8
260
_a
Gorakhpur:Geeta,1961.
300
_a
1088-1148p.
040
_a
HIN
650
_a
Sankirna
650
_a
Maasik-Sankirna
650
_a
Kalyan-Maasik
999
_c
345703
_d
345700